Pakistan's nuclear future : reining in the risk /

Bibliographic Details
Uniform Title:Pakistan's nuclear future (2009)
Other Authors: Sokolski, Henry D. (Editor)
Format: Government Document eBook
Language:English
Published: Carlisle, PA : Strategic Studies Institute, U.S. Army War College, 2009.
Subjects:
Online Access:PDF, Mobi and epub versions
https://purl.fdlp.gov/GPO/LPS118786

MARC

Tag First Indicator Second Indicator Subfields
LEADER 00000cam a2200000 i 4500
001 in00002545113
005 20220106092258.0
006 m o d f
007 cr bn|
008 100121s2009 pau ob f000 0 eng c
035 |a (OCoLC)ocn501176972 
040 |a GPO  |b eng  |e rda  |e pn  |c GPO  |d DOS  |d COO  |d OCLCQ  |d OCLCA  |d GPO  |d MvI  |d UtOrBLW 
042 |a pcc 
043 |a a-pk--- 
049 |a WWW 
074 |a 0307-A-31 (online) 
086 0 |a D 101.146:P 17/2 
130 0 |a Pakistan's nuclear future (2009) 
245 1 0 |a Pakistan's nuclear future :  |b reining in the risk /  |c Henry Sokolski, editor. 
264 1 |a Carlisle, PA :  |b Strategic Studies Institute, U.S. Army War College,  |c 2009. 
300 |a 1 online resource (v, 290 pages) 
336 |a text  |b txt  |2 rdacontent 
337 |a computer  |b c  |2 rdamedia 
338 |a online resource  |b cr  |2 rdacarrier 
500 |a Title from title screen (viewed on Jan. 20, 2009). 
588 |a Description based on PDF version; title from title screen (viewed on Jan. 20, 2009). 
500 |a "December 2009." 
504 |a Includes bibliographical references. 
650 0 |a Nuclear weapons  |z Pakistan. 
650 0 |a Arms race  |z Pakistan. 
700 1 |a Sokolski, Henry D.,  |e editor. 
710 2 |a Army War College (U.S.).  |b Strategic Studies Institute,  |e issuing body. 
776 0 8 |i Print version:  |t Pakistan's nuclear future  |w (DLC) 2009438424  |w (OCoLC)505282072 
856 4 0 |3 PDF, Mobi and epub versions  |u https://purl.fdlp.gov/GPO/LPS118786  |t 0 
856 4 0 |u https://purl.fdlp.gov/GPO/LPS118786  |t 0 
999 |a MARS 
999 f f |s 03939935-6602-3e9a-990f-54ee6a9518a4  |i ccd53e85-f787-3208-8558-4b58ce0a9dc8  |t 0 
952 f f |a Texas A&M University  |b College Station  |c Electronic Resources  |d Available Online  |t 0  |e D 101.146:P 17/2  |h Superintendent of Documents classification 
998 f f |a D 101.146:P 17/2  |t 0  |l Available Online